| 000 | 01044nam a2200373 a 4500 | ||
|---|---|---|---|
| 003 | AR-BaBNM | ||
| 005 | 20251128203458.0 | ||
| 008 | 082120s2002 ||||||||||||||000 | spa|| | ||
| 040 | _cAR-BaBNM | ||
| 100 | 1 | _aVallarino, Juan Carlos | |
| 245 | 0 | 0 |
_aTratado de economía política _n1 |
| 260 |
_aBuenos Aires _bClaridad _c1945 |
||
| 300 |
_a934 p. _bgráfs. |
||
| 490 | 0 |
_aBiblioteca de Ciencias económicas, políticas y sociales _vv. 1 |
|
| 500 | _aEste volumen contiene el tomo 1 y 2 | ||
| 504 | _aBibliografía para consultar p. 913-921 | ||
| 600 | 1 | 4 |
_aMalthus, Thomas Robert _d1766-1834 |
| 650 | 4 | _aECONOMIA | |
| 650 | 4 | _aHISTORIA ECONOMICA | |
| 650 | 4 | _aECONOMISTAS | |
| 650 | 4 | _aPOBLACION | |
| 650 | 4 | _aSOCIALISMO | |
| 650 | 4 | _aCRISTIANISMO | |
| 650 | 4 | _aHISTORIA SOCIAL | |
| 650 | 4 | _aSOCIOLOGIA POLITICA | |
| 650 | 4 | _aHISTORIA DEL TRABAJO | |
| 650 | 4 | _aTRABAJO | |
| 650 | 4 | _aTRABAJADORES | |
| 650 | 4 | _aCAPITALISMO | |
| 650 | 4 | _aIMPUESTOS | |
| 650 | 4 | _aHISTORIA POLITICA | |
| 942 | _cBK | ||
| 998 | _cmariana | ||
| 999 |
_c3570 _d3570 |
||